Príbehy o hľadaní mysle

Gespeichert in:
Bibliographische Detailangaben
Hauptverfasser: Višňovský, Emil (Verfasst von), Popper, Miroslav (Verfasst von), Plichtová, Jana (Verfasst von)
Format: Buch
Sprache:Slowakisch
Veröffentlicht: Bratislava : Veda, 2001
Tags: Tag hinzufügen
Keine Tags, Fügen Sie das erste Tag hinzu!

MARC

LEADER 00000nam a22000003a 4500
001 stu74330
005 20150617225647.5
008 020226s2001----xo------------------slo-d
020 |a 80-224-0679-1 
040 |a STU  |b slo 
041 0 |a slo 
044 |a xo 
080 |a 159.955 
100 1 |a Višňovský, Emil  |4 aut 
245 1 |a Príbehy o hľadaní mysle 
260 |a Bratislava :  |b Veda,  |c 2001 
300 |a 247 s.Lit.,index 
700 1 |a Popper, Miroslav  |4 aut 
700 1 |a Plichtová, Jana  |4 aut 
996 |b C96810  |c C*96810  |l CCXX  |s P  |a 0  |w stu74330_0001